书目信息 |
| 000 | 00404nam0 2200169 45 | |
| 001 | 0006201585 | |
| 005 | 20000620151455.5 | |
| 010 | @d3.60元 | |
| 100 | @a20000620d km y0chiy0120 ea | |
| 101 | 0 | @achi |
| 105 | @a z 000yy | |
| 200 | 1 | @a固体理论@AGu Ti Li Lun |
| 215 | @a485页@d16开 | |
| 606 | 0 | @a固体物理学 |
| 690 | @aO481-42@v3 | |
| 801 | @aCN@bPftUser@c20000620 | |
| 905 | @b209360@dO481-42@eL983@f1 | |
| 固体理论 |
| 485页;16开 |
| ISBN :3.60元 |
| ● |
| 相关链接 |
|
|
|
正题名:固体理论
索取号:O481-42/L983
 
预约/预借
| 序号 | 登录号 | 条形码 | 馆藏地/架位号 | 状态 | 备注 |
| 1 | 209360 | 202093607 | 自科库401/401自科库 59排2列5层/ [索取号:O481-42/L983] | 在馆 |